| 000 | 01092cai a22002295a 4500 | ||
|---|---|---|---|
| 001 | W159618 | ||
| 008 | 111007u xxk f 000 0 eng d | ||
| 035 | _a(Sirsi) u159618 | ||
| 041 | 0 | _aeng | |
| 110 | 2 |
_aAssociation of Chief Estates Surveyors and Property Managers in the Public Sector _95693 |
|
| 245 | 0 | 0 |
_aAssociation of Chief Estates Surveyors and Property Managers in the Public Sector (ACES) _h[electronic resource] |
| 520 | _aACES represents the professional heads of property and asset management services in local authorities and the public sector organisations in England, Scotland, Wales and Northern Ireland and senior surveyors in the private sector who predominantly provide professional property services to the public sector. | ||
| 590 | _aKA NTK | ||
| 650 | _aPUBLIC SECTOR PROPERTY | ||
| 650 | 2 | 4 | _aASSET MANAGEMENT |
| 650 | 2 | 4 | _aLOCAL AUTHORITIES |
| 650 | _aPUBLIC SECTOR ASSETS | ||
| 651 | 4 |
_aUnited Kingdom _y1973- |
|
| 690 |
_aProperty management _96262 |
||
| 856 | 4 | 0 |
_uhttps://www.aces.org.uk/ _zView the website free of charge at www.aces.org.uk |
| 942 | _n0 | ||
| 999 |
_c121050 _d121050 |
||